| 000 | 01145nam a22002657a 4500 | ||
|---|---|---|---|
| 003 | OSt | ||
| 005 | 20240813084950.0 | ||
| 007 | cr ||||||a|c|a | ||
| 008 | 240202s2023 mx ||||fom||| 001 0 spa d | ||
| 040 | _erda | ||
| 100 | 1 |
_9188363 _aRamírez Hernández, Itzel |
|
| 245 | 1 | 0 |
_aRespuesta de dos cultivares de lechuga (Lactuca sativa L.) a la inoculación de plántulas con bacillus spp. en el rendimiento comercial / _cpor Itzel Ramírez Hernández; director José Armando Ramírez Arias |
| 264 | 1 |
_aChapingo, México : _bEl autor, _c2023. |
|
| 300 | _a1 recurso en línea (53 páginas). | ||
| 336 |
_2rdacontent _atexto _btxt |
||
| 337 |
_2rdamedia _acomputadora _bc |
||
| 338 |
_2rdacarrier _arecurso en línea _bcr |
||
| 502 |
_bIAEF _cFitotecnia _d2023 _gLIC |
||
| 504 | _aIncluye referencias bibliográficas: páginas 51-53 | ||
| 650 | 4 |
_965476 _aLechuga _xRendimiento |
|
| 650 | 4 |
_965479 _aLechuga _xVariedades |
|
| 700 | 1 |
_993875 _aRamírez Arias, José Armando _eDirector de tesis |
|
| 856 |
_uhttp://10.13.5.2/tesis/tl/1512082-3_RAMIREZ_HERNANDEZ_ITZEL.pdf _zDESCARGAR PDF |
||
| 942 |
_2Clasificación Universidad Autónoma Chapingo _cTD |
||
| 999 |
_c219629 _d219629 |
||